2020-21 Borussia Dortmund Squad - Statistics

General Stats
  • This quiz has been taken 62 times
  • The average score is 20 of 28
Answer Stats
Squad Number Position Nationality Player % Correct
9 ST Norwegian Erling Haaland
98%
7 RW English Jadon Sancho
96%
11 AM German Marco Reus
96%
1 GK Swiss Roman Bürki
96%
13 LM Portuguese Raphaël Guerreiro
91%
10 LW Belgian Thorgan Hazard
91%
6 CM Danish Thomas Delaney
89%
24 RB Belgian Thomas Meunier
89%
15 CB German Mats Hummels
87%
28 DM Belgian Axel Witsel
83%
22 CM English Jude Bellingham
83%
16 CB Swiss Manuel Akanji
83%
32 AM American Giovanni Reyna
76%
5 CB French Dan-Axel Zagadou
74%
26 RB Polish Łukasz Piszczek
74%
8 CM German Mahmoud Dahoud
70%
35 GK Swiss Marwin Hitz
70%
19 CM German Julien Brandt
67%
14 LB German Nico Schulz
63%
29 LB German Marcel Schmelzer
61%
23 DM German Emre Can
59%
2 RB Spanish Mateu Morey
57%
- Manager Swiss Lucien Favre
54%
30 RB German Felix Passlack
46%
18 ST German Youssoufa Moukoko
43%
25 GK German Luca Unbehaun
31%
20 AM Brazilian Reiner
17%
37 DM German Tobias Raschl
15%
No matching quizzes found
Score Distribution
Percent of People with Each Score
Percentile by Number Answered
Your Score History
You have not taken this quiz